Engineering Physics/ (Record no. 186340)

MARC details
000 -LEADER
fixed length control field 00720nam a2200205 4500
005 - DATE AND TIME OF LATEST TRANSACTION
control field 20220223155209.0
010 ## - LCCN (DPL NO)
LC control number ENG-131769
020 ## - INTERNATIONAL STANDARD BOOK NUMBER
International Standard Book Number 9789388096270
Terms of availability 343.00
035 ## - SYSTEM CONTROL NUMBER
System control number EN-115301
037 ## - SOURCE OF ACQUISITION
Source of stock number/acquisition DBAD/PUB
082 ## - DEWEY DECIMAL CLASSIFICATION NUMBER
Classification number 530.02462
100 ## - MAIN ENTRY--PERSONAL NAME
Personal name Ashok,K.
245 ## - TITLE STATEMENT
Title Engineering Physics/
Statement of responsibility, etc K. Ashok, V. Dhanunjana Chari, and Ch. Hemalatha
260 ## - PUBLICATION, DISTRIBUTION, ETC. (IMPRINT)
Place of publication, distribution, etc Hyderabad
Name of publisher, distributor, etc SevenHills International Publishers
Date of publication, distribution, etc 2020
270 ## - ADDRESS
Address #326/C, Level - 2, Surneni Nilayam, Near BK Guda Park, S R Nagar
City Hyderabad
Postal code 500038
Telephone number 011238000657
Electronic mail address studentshelpline.in@gmail.com
300 ## - PHYSICAL DESCRIPTION
Extent xii,328p.
Dimensions 24cm(pbk)
700 ## - ADDED ENTRY--PERSONAL NAME
Personal name Chari, V. Dhanunjana
700 ## - ADDED ENTRY--PERSONAL NAME
Personal name Hemalatha, Ch.
942 ## - ADDED ENTRY ELEMENTS (KOHA)
Source of classification or shelving scheme Dewey Decimal Classification
Item type English Books
Classification part 530.02462
Call number suffix ASH
Holdings
Withdrawn status Lost status Not for loan Collection code Home library Current library Date acquired Source of acquisition Cost, normal purchase price Full call number Barcode Copy number Cost, replacement price Koha item type
      Non-fiction Bawana Bawana 23/02/2022 DBAD/PUB 343.00 530.02462 ASH EN-115301 1 343.00 English Books

© Delhi Public Library
Hit Counter
free hit counter